Where did WW1 troops come from? - Statistics

General Stats
  • This quiz has been taken 42 times
  • The average score is 12 of 16
Answer Stats
Troops Country % Correct
12,000,000 Russia
100%
7,500,000 British Empire
95%
7,500,000 France
95%
11,000,000 Germany
95%
6,500,000 Austria-Hungary
90%
5,500,000 Italy
82%
4,272,521 USA
77%
1,600,000 Ottoman Empire
72%
707,343 Serbia
67%
400,000 Bulgaria
64%
80,000 Japan
64%
750,000 Romania
59%
267,000 Belgium
54%
230,000 Greece
54%
100,000 Portugal
54%
50,000 Montenegro
49%
No matching quizzes found
Score Distribution
Percent of People with Each Score
Percentile by Number Answered
Your Score History
You have not taken this quiz